000 00681cam a22002053a 4500
005 20180808140557.0
010 _aB-701235-236
020 _a9789386313645
_c350.00
035 _aB-701235-236
037 _bDBAD
082 _aS
100 _aShamim Padmsee
245 _aRaskin Bond /
_cby Shamim Padamsee [and] artby Rayika Sen
260 _aGurgaon
_bScholastic Inc.
_c2017
270 _aA-27, Ground Floor, Sigma Centre, Infocity, Sector-34
_bGurgaon
_e122001
300 _a110p.
_c24cm. (hb)
_bcolored illus.
700 _aSen Rayika
942 _2ddc
_cCH
_h921
_mRUS
999 _c155637
_d155637